000 00608nam a2200193 4500
001 127838
003 ES-MaACL
005 20251220063020.0
007 t|
008 070214s1932 fr r ||||1| fre d
100 1 _aRivaud, Albert,
_d1876-1956
_9154540
245 1 4 _aLes crises allemandes
_b: (1919-1931) /
_cpar Albert Rivaud.
260 _aParis :
_bLibrairie Armand Colin,
_c1932 (
_eOrleans :
_fImp. H. Tessier)
300 _a218 p. ;
_c18 cm.
490 1 _aCollection Armand Colin
830 0 _aCollection Armand Colin
_9184182
852 _aES-MaACL
_jF-13975
999 _c127838
_d127838